Gerard Byrne : (Record no. 863)

MARC details
000 -LEADER
campo de control de longitud fija 00866nam a2200217Ia 4500
008 - DATOS DE LONGITUD FIJA--INFORMACIÓN GENERAL
campo de control de longitud fija 040218s2002 ie a eng d
020 ## - NÚMERO INTERNACIONAL ESTÁNDAR DEL LIBRO
Número Internacional Estándar del Libro 0907660819
049 ## - FONDOS LOCALES (OCLC)
Procesamiento de datos local e
082 ## - NÚMERO DE LA CLASIFICACIÓN DECIMAL DEWEY
Número de clasificación 779.092
Número de ítem B995o
100 1# - ENTRADA PRINCIPAL--NOMBRE DE PERSONA
Nombre de persona Byrne, Gerard,
Fechas asociadas al nombre 1969-
9 (RLIN) 4758
245 10 - MENCIÓN DEL TÍTULO
Título Gerard Byrne :
Resto del título op-ed.
260 ## - PUBLICACIÓN, DISTRIBUCIÓN, ETC.
Lugar de publicación, distribución, etc. Limerick :
Nombre del editor, distribuidor, etc. Limerick City Art Gallery ;
Lugar de publicación, distribución, etc. Dublin :
Nombre del editor, distribuidor, etc. Douglas Hyde Gallery,
Fecha de publicación, distribución, etc. c2002.
300 ## - DESCRIPCIÓN FÍSICA
Extensión 44 p. :
Otras características físicas ill. (col.) ;
Dimensiones 18 cm.
500 ## - NOTA GENERAL
Nota general Catalogue of an exhibition held at the Limerick City Art Gallery, June 27-Sept. 8, 2002 and the Douglas Hyde Gallery, Dublin, Oct. 18-Nov. 30, 2002.
600 10 - PUNTO DE ACCESO ADICIONAL DE MATERIA--NOMBRE DE PERSONA
Nombre de persona Byrne, Gerard,
Fechas asociadas al nombre 1969-
Subdivisión de forma Exhibitions.
9 (RLIN) 4759
600 10 - PUNTO DE ACCESO ADICIONAL DE MATERIA--NOMBRE DE PERSONA
Nombre de persona Byrne, Gerard,
Fechas asociadas al nombre 1969-
Subdivisión de forma Exhibiciones
9 (RLIN) 4760
650 ## - PUNTO DE ACCESO ADICIONAL DE MATERIA--TÉRMINO DE MATERIA
Término de materia o nombre geográfico como elemento de entrada Fotografía artística
Subdivisión general Exhibiciones
9 (RLIN) 4346
710 2# - ENTRADA AGREGADA--NOMBRE DE ENTIDAD CORPORATIVA
Nombre de entidad corporativa o nombre de jurisdicción como elemento de entrada Limerick City Gallery of Art.
9 (RLIN) 4761
710 2# - ENTRADA AGREGADA--NOMBRE DE ENTIDAD CORPORATIVA
Nombre de entidad corporativa o nombre de jurisdicción como elemento de entrada Douglas Hyde Gallery.
9 (RLIN) 4762
740 01 - ENTRADA AGREGADA--TÍTULO RELACIONADO/ANALÍTICO NO CONTROLADO
Título relacionado o analítico no controlado Op-ed.
Holdings
Estatus retirado Estado de pérdida Fuente del sistema de clasificación o colocación Estado de daño No para préstamo Biblioteca de origen Biblioteca actual Ubicación en estantería Fecha de adquisición Total de préstamos Signatura topográfica completa Código de barras Visto por última vez Precio de reemplazo Tipo de ítem Koha
    Clasificación Decimal Dewey     Biblioteca LadoV Biblioteca LadoV   22/02/2016   779.092 B995o 000659 22/02/2016 22/02/2016 Material 01